000
00233nam a2200097Ia 4500
008
200302s9999 xx 000 0 und d
100
_a
Author
245
_a
Color and Composition
260
_b
Walter T. Foster Publication
300
_a
30 P.,
999
_c
567
_d
567